La marcha hacia el Capitolio / (Registro nro. 14395)

Detalles MARC
000 -LEADER
fixed length control field 00835nam a2200229 a 4500
001 - CONTROL NUMBER
control field 000026316
003 - CONTROL NUMBER IDENTIFIER
control field DO-SdBNP
005 - DATE AND TIME OF LATEST TRANSACTION
control field 20230704102257.0
008 - FIXED-LENGTH DATA ELEMENTS--GENERAL INFORMATION
fixed length control field 110312s1973 mx ac 000 0 spa d
040 ## - CATALOGING SOURCE
Original cataloging agency DO-SdBNP
Language of cataloging spa
Transcribing agency BPMSU
082 #4 - DEWEY DECIMAL CLASSIFICATION NUMBER
Classification number 324.97293
Item number B171m 1973
Edition number 22
100 1# - MAIN ENTRY--PERSONAL NAME
Personal name Balaguer, Joaquín,
Dates associated with a name 1906-2002
9 (RLIN) 2
245 13 - TITLE STATEMENT
Title La marcha hacia el Capitolio /
Statement of responsibility, etc. Joaquín Balaguer.
260 ## - PUBLICATION, DISTRIBUTION, ETC. (IMPRINT)
Place of publication, distribution, etc. Santo Domingo :
Name of publisher, distributor, etc. Fuentes Impresores,
Date of publication, distribution, etc. 1973.
300 ## - PHYSICAL DESCRIPTION
Extent 477 p. :
Other physical details il., retrs. ;
Dimensions 22 cm.
590 ## - LOCAL NOTE (RLIN)
Local note Inventariado, 2023/VM
650 #4 - SUBJECT ADDED ENTRY--TOPICAL TERM
Topical term or geographic name as entry element Campaña electoral
Geographic subdivision República Dominicana
Chronological subdivision 1966-1970
General subdivision Partido Reformista
650 14 - SUBJECT ADDED ENTRY--TOPICAL TERM
Topical term or geographic name as entry element Campaña electoral
Geographic subdivision República Dominicana
Chronological subdivision 1970-1974
General subdivision Partido Reformista
651 #4 - SUBJECT ADDED ENTRY--GEOGRAPHIC NAME
Geographic name República Dominicana
General subdivision Política y gobierno
Chronological subdivision 1961
910 ## - USER-OPTION DATA (OCLC)
User-option data VMateo V. Control de calidad. (BPMSU)
942 ## - ADDED ENTRY ELEMENTS (KOHA)
Source of classification or shelving scheme Dewey Decimal Classification
Koha item type Libros
Existencias
Withdrawn status Lost status Source of classification or shelving scheme Damaged status Not for loan Collection code Home library Current library Date acquired Total Checkouts Full call number Barcode Date last seen Price effective from Koha item type
    Dewey Decimal Classification     Colección Dominicana Biblioteca Pública Metropolitana Salomé Ureña Biblioteca Pública Metropolitana Salomé Ureña 07/04/2023   BPMSU CD 324.97293 B171m 1973 BPMSU23070003 07/04/2023 07/04/2023 Libros